000 00270nam a22001217a 4500
008 181008b xxu||||| |||| 00| 0 eng d
041 _aeng
080 _a941
100 _a17
101 _aHIS
245 _aA History of the Modern World
_cPalmer, R.R
942 _2udc
_cBK
999 _c49068
_d49068